000 01819cam a22004814i 4500
003 PE-LiUPU
005 20250731172908.0
008 170418s2012 bl rb 000 0 spa d
020 _a8521805446
020 _a7898521805449
035 _a(Sirsi) a167445
040 _aPE-LiUPU
_bspa
_cPE-LiUPU
_erda
082 0 4 _a220.9
_bP26
_220
100 1 _aParoschi, Wilson,
_eautor.
040 _aPE-LiUPU
245 _aOrigem e Transmissão do Texto do Novo Testamento/
_cWilson Paroschi.
264 _aBarueri, Sao Paulo :
_bSociedade Bíblica do Brasil,
_c2012.
300 _a325 páginas ;
_c24 centímetros
336 _atext
_2rdacontent
337 _aunmediated
_2rdamedia
338 _avolume
_2rdacarrier
504 _aBibliografía: páginas 295-325.
505 0 _aA Producao Dos Livros Antigos -- As Testemunhas do Texto Neotestamentario -- A Historia do Texto Escrito -- O Texto Impresso -- Princípios e Procedimientos Textuais -- Análise de Textos Seleccionados -- Recentes Desenvolvimientos.
526 _aSEG42
526 _aSEG41
526 _aSEG40
526 _aSEG39
526 _aP94
526 _aP87
526 _aP86
526 _aP85
526 _aP77
526 _aP76
526 _aP35
650 0 4 _aNovo Testamento.
650 0 4 _aCrítica Textual.
650 0 4 _aVariantes Textuais.
596 _a1
942 _2ddc
_cBOOK
999 _a220.9 P26
_wDEWEY
_c16186
_i75429
_d16186
_e2019-6-18
_f2021-11-9
_g4
_lCCODEBUL1
_mBUL
_n7
_p46.00
_q4
_r0
_sY
_tBOOK
_u2017-4-18
_xTEOLOGIA
_PP35
_0COMPRA
_o.STAFF. Colección Teología
999 _a220.9 P26
_wDEWEY
_c2
_i75430
_d2019-6-10
_f2021-11-9
_g4
_lCCODEBUL1
_mBUL
_p46.00
_q2
_r0
_sY
_tBOOK
_u2017-4-18
_xTEOLOGIA
_PP35
_0COMPRA
_o.STAFF. Colección Teología
980 _81
_gALBERTO SANCHEZ Responsable de Automatización